=LDR 00000nam 2200000 4500 =001 INLIS000000000027621 =005 20130612130000 =008 ***********************************ind** =035 ##$$0010-061300000027621 =041 ##$$a ind =082 ##$$a 657.8 =090 ##$$a 657.8, Yun s =100 ##$$a Yunus, Hadori =245 ##$$a Sistem akuntasi dan pengawasan, Hadori Yunus =260 ##$$a 1975 $b Yogyakarta =300 ##$$a iv, 80 hlm., 21 cm =650 ##$$a Sistem Akuntasi =850 ##$$a NBPNMAT